[Event "Spring TNM"]
[Site "San Francisco"]
[Date "2006.05.09"]
[Round "7"]
[White "Bayaraa, Bekhtur"]
[Black "Frank, Robert"]
[Result "0-1"]
[WhiteElo "1596"]
[BlackElo "1235"]
[PlyCount "82"]
[EventDate "2006.03.28"]
[EventType "swiss"]
[EventRounds "8"]
[EventCountry "USA"]

1. e4 e5 2. Nf3 Nc6 3. d4 exd4 4. Nxd4 Bc5 5. Nxc6 Qh4 6. Qf3 dxc6 7. Bc4 Qf6
8. Nd2 Be6 9. O-O Bxc4 10. Qxf6 Nxf6 11. Nxc4 O-O-O 12. Bg5 h6 13. Bxf6 gxf6
14. Rad1 Rxd1 15. Rxd1 Re8 16. Re1 f5 17. e5 Bd4 18. c3 Bc5 19. Kf1 Bf8 20. Ke2
f6 21. f4 fxe5 22. fxe5 Bg7 23. Kf3 Kd7 24. b4 Ke6 25. a4 b5 26. Nb2 Bxe5 27.
axb5 cxb5 28. g3 Kd5 29. Ra1 Bxc3 30. Ra2 Bxb2 31. Rxb2 Kc4 32. Rc2+ Kxb4 33.
Rxc7 a5 34. Rh7 Re6 35. Kf4 Kb3 36. Kxf5 Rc6 37. h4 a4 38. g4 a3 39. Ra7 b4 40.
g5 hxg5 41. hxg5 Kb2 0-1

[Event "Spring TNM"]
[Site "San Francisco"]
[Date "2006.05.09"]
[Round "7"]
[White "Braden, Brian"]
[Black "Starr, Albert"]
[Result "1-0"]
[WhiteElo "1134"]
[BlackElo "1516"]
[PlyCount "135"]
[EventDate "2006.03.28"]
[EventType "swiss"]
[EventRounds "8"]
[EventCountry "USA"]

1. e4 c5 2. Nf3 e6 3. g3 a6 4. Bg2 b5 5. b3 Bb7 6. d3 d6 7. Nbd2 Nf6 8. Qe2 Be7
9. Bb2 O-O 10. O-O Nbd7 11. Rfe1 Ng4 12. Bh3 Bf6 13. Bxf6 Ngxf6 14. Rab1 Qa5
15. a4 bxa4 16. Ra1 Bc6 17. bxa4 Rfb8 18. Nc4 Qc7 19. a5 d5 20. exd5 exd5 21.
Nce5 Nxe5 22. Qxe5 Qxe5 23. Nxe5 Bb5 24. c4 dxc4 25. dxc4 Be8 26. Bg2 Ra7 27.
Reb1 Rxb1+ 28. Rxb1 Re7 29. f4 Nd7 30. Rb7 Kf8 31. Nxd7+ Bxd7 32. Rb8+ Re8 33.
Rxe8+ Kxe8 34. Bb7 Kd8 35. Bxa6 Kc7 36. Bb5 Bc8 37. Kf2 Kb7 38. Kf3 f5 39. Ke3
Ka7 40. Kd3 Ba6 41. Bd7 g6 42. Be6 Bb7 43. Bg8 h6 44. Bh7 Ka6 45. Bxg6 Be4+ 46.
Kc3 Kxa5 47. g4 Kb6 48. Bxf5 Bxf5 49. gxf5 Kc6 50. Kd3 Kd6 51. Ke4 h5 52. f6
Ke6 53. f7 Kxf7 54. Kd5 Kf6 55. Kxc5 Kf5 56. Kd5 h4 57. c5 h3 58. c6 Kxf4 59.
c7 Kf3 60. c8=Q Kg2 61. Qc7 Kh1 62. Ke4 Kg2 63. Ke3 Kh1 64. Qc2 Kg1 65. Kf3 Kh1
66. Kg3 Kg1 67. Qf2+ Kh1 68. Qf1# 1-0

[Event "Spring TNM"]
[Site "San Francisco"]
[Date "2006.05.09"]
[Round "7"]
[White "Capdeville, Barry"]
[Black "Lupton, Stephen"]
[Result "1-0"]
[WhiteElo "1211"]
[BlackElo "1349"]
[PlyCount "67"]
[EventDate "2006.03.28"]
[EventType "swiss"]
[EventRounds "8"]
[EventCountry "USA"]

1. e4 e5 2. Nf3 Nc6 3. d4 exd4 4. Nxd4 Nf6 5. Nxc6 bxc6 6. e5 Qe7 7. Qe2 Nd5 8.
c4 Ba6 9. Nd2 Qb4 10. Qf3 Nb6 11. b3 d5 12. Be2 Bc5 13. O-O Bb7 14. a3 Qa5 15.
Nb1 dxc4 16. Bd2 Qa6 17. Nc3 Bd4 18. Rac1 Qxa3 19. bxc4 Rd8 20. Bg5 Rb8 21. Qg3
h6 22. Bd2 Rd8 23. Qxg7 Qf8 24. Qf6 Bxf2+ 25. Rxf2 Rxd2 26. Rcf1 Rh7 27. e6 Rd6
28. exf7+ Kd7 29. Qf5+ Ke7 30. Qxh7 Nd7 31. Qg8 Rf6 32. Rxf6 Nxf6 33. Rxf6 Qxg8
34. fxg8=Q 1-0

[Event "Spring TNM"]
[Site "San Francisco"]
[Date "2006.05.09"]
[Round "7"]
[White "Chan, John"]
[Black "Gray, William"]
[Result "0-1"]
[WhiteElo "1693"]
[BlackElo "2022"]
[PlyCount "74"]
[EventDate "2006.03.28"]
[EventType "swiss"]
[EventRounds "8"]
[EventCountry "USA"]

1. c4 e5 2. Nc3 Nf6 3. g3 d5 4. cxd5 Nxd5 5. Bg2 Nb6 6. b3 Nc6 7. Nf3 Bg4 8.
O-O Qd7 9. d3 O-O-O 10. Be3 h5 11. a4 Bh3 12. a5 Nd5 13. Nxd5 Bxg2 14. Kxg2
Qxd5 15. Kg1 f5 16. Bg5 Rd7 17. a6 b6 18. Qc2 Nd4 19. Nxd4 exd4 20. Qc4 Qxc4
21. bxc4 Bc5 22. h4 Re8 23. Ra2 Rd6 24. Rc1 Rde6 25. Kf1 Kd7 26. Rcc2 Bd6 27.
Bc1 Re5 28. Bb2 f4 29. Bxd4 Rf5 30. f3 c5 31. Bc3 fxg3 32. Bd2 g2+ 33. Kxg2
Rxe2+ 34. Kf1 Rh2 35. Bg5 Rxf3+ 36. Kg1 Rhh3 37. Rg2 Be5 0-1

[Event "Spring TNM"]
[Site "San Francisco"]
[Date "2006.05.09"]
[Round "7"]
[White "Chernobilskiy, Mikhail"]
[Black "Thornally, Frank"]
[Result "0-1"]
[WhiteElo "1763"]
[BlackElo "2200"]
[PlyCount "46"]
[EventDate "2006.03.28"]
[EventType "swiss"]
[EventRounds "8"]
[EventCountry "USA"]

1. d4 d5 2. c4 e6 3. Nc3 Nf6 4. Nf3 Bb4 5. Qc2 c5 6. e3 O-O 7. Bd3 Nc6 8. a3
cxd4 9. cxd5 dxc3 10. O-O Qxd5 11. e4 Qa5 12. axb4 Qxa1 13. bxc3 e5 14. Bc4 Be6
15. Bb2 Qxb2 16. Qxb2 Bxc4 17. Re1 b5 18. Nd2 Be6 19. h3 Rfd8 20. f3 Nh5 21.
Qc2 Nf4 22. Rb1 Rd3 23. Nb3 Rxc3 0-1

[Event "Spring TNM"]
[Site "San Francisco"]
[Date "2006.05.09"]
[Round "7"]
[White "Dembling, Arthur"]
[Black "Sherwood, Peter"]
[Result "1-0"]
[WhiteElo "1674"]
[BlackElo "1755"]
[PlyCount "103"]
[EventDate "2006.03.28"]
[EventType "swiss"]
[EventRounds "8"]
[EventCountry "USA"]

1. e4 e6 2. d4 d5 3. e5 c5 4. c3 Nc6 5. Be3 Qb6 6. Qd2 Bd7 7. Nf3 f6 8. Bd3
fxe5 9. dxe5 Qc7 10. Bf4 Nh6 11. O-O c4 12. Bc2 Nf7 13. Re1 g6 14. Na3 a6 15.
Re2 O-O-O 16. Rae1 Qa5 17. Qc1 Ne7 18. Nd4 Nf5 19. Nxf5 gxf5 20. Bxf5 h5 21.
Bb1 Be7 22. Nc2 Rdg8 23. Nd4 Qd8 24. Nf5 Bg5 25. Nd6+ Nxd6 26. exd6 Qf6 27.
Bxg5 Rxg5 28. Qe3 Rhg8 29. g3 Kb8 30. Qb6 Rc8 31. Bc2 Rc6 32. Qb4 e5 33. a4
Rxd6 34. h4 Rg7 35. Rxe5 Rb6 36. Qa3 Qf3 37. R5e3 Qf6 38. a5 Rd6 39. Qc5 Bc8
40. Re8 Rc7 41. Qe3 Rf7 42. Bd1 Qf5 43. Re5 Re6 44. Rxe6 Bxe6 45. Qe5+ Qxe5 46.
Rxe5 Bg4 47. Bxg4 hxg4 48. Rxd5 Rf6 49. Rd4 b5 50. axb6 Rxb6 51. Rxc4 Rxb2 52.
Rb4+ 1-0

[Event "Spring TNM"]
[Site "San Francisco"]
[Date "2006.05.09"]
[Round "7"]
[White "Dunham, Tom"]
[Black "Faulkner, Charles"]
[Result "1-0"]
[WhiteElo "1363"]
[BlackElo "1849"]
[PlyCount "79"]
[EventDate "2006.03.28"]
[EventType "swiss"]
[EventRounds "8"]
[EventCountry "USA"]

1. e4 c5 2. Nf3 e6 3. d4 cxd4 4. Nxd4 a6 5. Nc3 Bc5 6. Bc4 Qc7 7. Bb3 Ne7 8.
Be3 Ba7 9. Qe2 Nbc6 10. O-O-O b5 11. h4 Nxd4 12. Bxd4 Bxd4 13. Rxd4 Nc6 14. Rd2
Na5 15. Bd5 Nc6 16. Bb3 Qe5 17. Rf1 Nd4 18. Qe3 Nxb3+ 19. axb3 Bb7 20. f4 Qc7
21. f5 Qe5 22. Qd4 Qxd4 23. Rxd4 Ke7 24. g4 h6 25. e5 Rac8 26. Ne4 Bxe4 27.
Rxe4 Rc6 28. Kd2 Rd8 29. f6+ gxf6 30. exf6+ Kd6 31. c3 Rg8 32. Ke3 Kc7 33. Kf4
Rg6 34. g5 hxg5+ 35. hxg5 d6 36. Rxe6 fxe6 37. f7 Rc5 38. Ke4 Rd5 39. f8=Q
Rgxg5 40. Rf7+ 1-0

[Event "Spring TNM"]
[Site "San Francisco"]
[Date "2006.05.09"]
[Round "7"]
[White "Dupree, Charles"]
[Black "Wilkerson, Max"]
[Result "1/2-1/2"]
[WhiteElo "1721"]
[BlackElo "1900"]
[PlyCount "65"]
[EventDate "2006.03.28"]
[EventType "swiss"]
[EventRounds "8"]
[EventCountry "USA"]

1. e4 c6 2. f4 d5 3. e5 c5 4. d4 e6 5. Be3 cxd4 6. Bxd4 Nc6 7. Nf3 Bd7 8. c3
Nge7 9. Be2 Nf5 10. g4 Ncxd4 11. cxd4 Ne3 12. Qd3 Ng2+ 13. Kf2 Nxf4 14. Qd2
Nxe2 15. Qxe2 Be7 16. h4 Rc8 17. Nc3 a6 18. Rac1 Qb6 19. Rc2 h5 20. g5 O-O 21.
Qd3 Rc4 22. Rhc1 Rfc8 23. Ke3 g6 24. Kd2 Bb4 25. b3 Rxc3 26. Rxc3 Bb5 27. Qe3
Qa5 28. a4 Rxc3 29. Rxc3 Bc6 30. Kc2 Bxc3 31. Qxc3 Qb6 32. Kd2 Kf8 33. Kc2
1/2-1/2

[Event "Spring TNM"]
[Site "San Francisco"]
[Date "2006.05.09"]
[Round "7"]
[White "Gurtovoy, Jason"]
[Black "Regan, Jack"]
[Result "1-0"]
[WhiteElo "1698"]
[BlackElo "1550"]
[PlyCount "65"]
[EventDate "2006.03.28"]
[EventType "swiss"]
[EventRounds "8"]
[EventCountry "USA"]

1. e4 c6 2. d4 d5 3. Nc3 dxe4 4. Nxe4 Bf5 5. Ng3 Bg6 6. Nf3 e6 7. Ne5 Ne7 8.
Bg5 Qa5+ 9. c3 Qb6 10. Nxg6 Nxg6 11. Qd2 Nd7 12. Bd3 Be7 13. Be3 c5 14. O-O
cxd4 15. Bxd4 Bc5 16. Bxg7 Rg8 17. Nh5 O-O-O 18. b4 Be7 19. Bd4 Qc6 20. Ng3 e5
21. Bxa7 b6 22. a4 Qb7 23. Bxb6 Nxb6 24. a5 Nc4 25. Bf5+ Kc7 26. Qe2 Nd2 27.
Bxg6 Rxg6 28. a6 Qa7 29. Rfd1 Rgd6 30. Nf5 R6d7 31. Qxe5+ Bd6 32. Nxd6 Rxd6 33.
Rxd2 1-0

[Event "Spring TNM"]
[Site "San Francisco"]
[Date "2006.05.09"]
[Round "7"]
[White "Hilliard, Michael"]
[Black "Carcar, Alex"]
[Result "0-1"]
[WhiteElo "1413"]
[BlackElo "1304"]
[PlyCount "76"]
[EventDate "2006.03.28"]
[EventType "swiss"]
[EventRounds "8"]
[EventCountry "USA"]

1. d4 Nf6 2. Nf3 d6 3. e3 g6 4. Bd3 Bg7 5. Nbd2 O-O 6. b3 Nbd7 7. Bb2 Re8 8.
Qe2 e5 9. dxe5 dxe5 10. e4 b6 11. O-O-O Bb7 12. Nc4 Nh5 13. g3 Bf6 14. Kb1 Bc8
15. Rhe1 Bg7 16. Qe3 a5 17. Be2 Qe7 18. Qc3 a4 19. Ne3 axb3 20. cxb3 Bb7 21.
Nd5 Bxd5 22. exd5 e4 23. Nd4 Nhf6 24. Nc6 Qf8 25. Qc2 e3 26. f3 Nc5 27. Bb5
Nfd7 28. Re2 Rxa2 29. Kxa2 Nxb3 30. Bxg7 Ra8+ 31. Kb2 Qa3+ 32. Kc3 Na1+ 33. Kd4
Nxc2+ 34. Rxc2 Kxg7 35. Rd3 Qa1+ 36. Kxe3 Re8+ 37. Kf4 Qf6+ 38. Kg4 Qf5+ 0-1

[Event "Spring TNM"]
[Site "San Francisco"]
[Date "2006.05.09"]
[Round "7"]
[White "Margulis, Igor"]
[Black "Tserendorj, Batsaikhan"]
[Result "0-1"]
[WhiteElo "2227"]
[BlackElo "2153"]
[PlyCount "68"]
[EventDate "2006.03.28"]
[EventType "swiss"]
[EventRounds "8"]
[EventCountry "USA"]

1. e4 d5 2. exd5 c6 3. dxc6 Nxc6 4. Nf3 e5 5. Bb5 Bd6 6. d4 e4 7. Qe2 Nf6 8.
Ne5 O-O 9. Nxc6 bxc6 10. Bxc6 Bg4 11. Qc4 Rc8 12. d5 Nd7 13. Be3 Ne5 14. Qa4 f5
15. Nd2 f4 16. Bxa7 e3 17. Ne4 Qh4 18. Qb5 Bh5 19. Bd4 Qg4 20. O-O Nf3+ 21. Kh1
Qh4 22. h3 Nxd4 23. Qd3 Bf3 24. Bd7 Bxg2+ 25. Kxg2 f3+ 26. Kh1 Rf5 27. Bxf5
Nxf5 28. Nf6+ Qxf6 29. fxe3 Ng3+ 30. Kg1 Ne2+ 31. Kh1 Qe5 32. Rf2 Qg3 33. Qf5
Qxf2 34. Qxc8+ Bf8 0-1

[Event "Spring TNM"]
[Site "San Francisco"]
[Date "2006.05.09"]
[Round "7"]
[White "Moore, Randolph"]
[Black "Litowsky, Dan"]
[Result "1/2-1/2"]
[WhiteElo "1508"]
[BlackElo "1700"]
[PlyCount "62"]
[EventDate "2006.03.28"]
[EventType "swiss"]
[EventRounds "8"]
[EventCountry "USA"]

1. d4 d5 2. e4 dxe4 3. Nc3 f5 4. f3 Nf6 5. Bg5 Nc6 6. Bb5 Bd7 7. Bxf6 exf6 8.
Bxc6 Bxc6 9. d5 Bd7 10. fxe4 Bc5 11. Qh5+ g6 12. Qh6 Qe7 13. O-O-O O-O-O 14.
Re1 Bb4 15. Qe3 Bc5 16. Qd3 Rhe8 17. Nf3 Qd6 18. Kb1 a6 19. Nd2 Bb4 20. Nc4 Qc5
21. a3 Bxc3 22. Qxc3 Rxe4 23. Rxe4 fxe4 24. b4 Qe7 25. d6 cxd6 26. Nb6+ Kb8 27.
Nd5 Qf8 28. Qc7+ Ka7 29. Qb6+ Kb8 30. Qc7+ Ka7 31. Qb6+ Kb8 1/2-1/2

[Event "Spring TNM"]
[Site "San Francisco"]
[Date "2006.05.09"]
[Round "7"]
[White "Naroditsky, Alan"]
[Black "Mar, Henry"]
[Result "1-0"]
[WhiteElo "1658"]
[BlackElo "1537"]
[PlyCount "63"]
[EventDate "2006.03.28"]
[EventType "swiss"]
[EventRounds "8"]
[EventCountry "USA"]

1. Nf3 Nf6 2. b3 e6 3. d4 d5 4. e3 c5 5. c3 Bd7 6. Bd3 Nc6 7. Bb2 cxd4 8. cxd4
Nb4 9. Nc3 Nxd3+ 10. Qxd3 a6 11. O-O Bb4 12. Rfd1 Bxc3 13. Qxc3 O-O 14. Ba3 Re8
15. Ne5 Ne4 16. Qe1 Bb5 17. f3 Nf6 18. e4 Rc8 19. Rac1 Nd7 20. Ng4 h5 21. Ne3
dxe4 22. fxe4 Nf6 23. Nc4 Bxc4 24. bxc4 Qc7 25. e5 Nd7 26. Bd6 Qc6 27. Kh1 Qa4
28. Qe2 g6 29. Rf1 Nf8 30. Qf3 Qd7 31. Rb1 Nh7 32. Rxb7 1-0

[Event "Spring TNM"]
[Site "San Francisco"]
[Date "2006.05.09"]
[Round "7"]
[White "Nochomovitz, Yigal"]
[Black "Bertot, German"]
[Result "1-0"]
[WhiteElo "1826"]
[BlackElo "1439"]
[PlyCount "49"]
[EventDate "2006.03.28"]
[EventType "swiss"]
[EventRounds "8"]
[EventCountry "USA"]

1. f4 d5 2. Nf3 f5 3. e3 Nf6 4. Be2 Nc6 5. O-O e6 6. Qe1 Bc5 7. d4 Bd6 8. a3
Qe7 9. c4 dxc4 10. Bxc4 h6 11. Nh4 Qf7 12. Nxf5 Ne4 13. Nh4 Qh5 14. Bd3 Qd5 15.
Nc3 Nxc3 16. Bg6+ Kd8 17. bxc3 Ne7 18. e4 Qb5 19. e5 Nxg6 20. Nxg6 Rg8 21. Qh4+
Kd7 22. exd6 Kxd6 23. a4 Qd3 24. Qe7+ Kc6 25. Ba3 1-0

[Event "Spring TNM"]
[Site "San Francisco"]
[Date "2006.05.09"]
[Round "7"]
[White "Oca, Homer"]
[Black "Cheng, Andrew"]
[Result "0-1"]
[WhiteElo "1678"]
[BlackElo "1237"]
[PlyCount "73"]
[EventDate "2006.03.28"]
[EventType "swiss"]
[EventRounds "8"]
[EventCountry "USA"]

1. h3 e5 2. a3 Nf6 3. e3 d5 4. d3 Nc6 5. Qd2 Bd6 6. f4 e4 7. Qf2 O-O 8. Nc3 Re8
9. Bd2 a6 10. O-O-O b5 11. dxe4 dxe4 12. g4 b4 13. axb4 Nxb4 14. Bg2 Bb7 15. g5
Nd7 16. Nge2 Nc5 17. Ng3 Ncd3+ 18. cxd3 Nxd3+ 19. Kb1 Nxf2 20. Rhf1 Nxd1 21.
Rxd1 Qe7 22. Ncxe4 Bxe4+ 23. Bxe4 g6 24. Bxa8 Rxa8 25. e4 Rb8 26. e5 Ba3 27.
Bc3 Bb4 28. Bd4 c5 29. Be3 c4 30. Ne4 Rc8 31. Nf6+ Kg7 32. h4 Rd8 33. Rh1 c3
34. h5 cxb2 35. hxg6 Rb8 36. gxh7 Bc3 37. f5 {remainder illegible} 0-1

[Event "Spring TNM"]
[Site "San Francisco"]
[Date "2006.05.09"]
[Round "7"]
[White "Ossipov, Victor"]
[Black "Ostrovsky, Sergey"]
[Result "0-1"]
[WhiteElo "2135"]
[BlackElo "1870"]
[PlyCount "104"]
[EventDate "2006.03.28"]
[EventType "swiss"]
[EventRounds "8"]
[EventCountry "USA"]

1. d4 Nf6 2. Nf3 d5 3. Bf4 c5 4. e3 Nc6 5. c3 e6 6. Nbd2 Bd6 7. Ne5 Qc7 8. Bb5
Nd7 9. Ndf3 O-O 10. Nxd7 Bxd7 11. Bxc6 Bxc6 12. Bxd6 Qxd6 13. O-O f6 14. dxc5
Qxc5 15. Nd4 Bd7 16. Qb3 b6 17. Rad1 e5 18. Nf3 Be6 19. e4 Rad8 20. Rd2 Bf7 21.
Qd1 Rd6 22. Nh4 g6 23. Qa4 dxe4 24. Rxd6 Qxd6 25. Qxa7 Bc4 26. Ra1 Rd8 27. h3
Be6 28. g4 Qc5 29. Qa3 Qxa3 30. bxa3 Rd3 31. Kh2 Bc4 32. Rc1 Rd2 33. Kg3 Rxa2
34. Ng2 Rxa3 35. Ne3 Bd3 36. Nd5 Kf7 37. Nb4 Bc4 38. Rc2 Ke6 39. Rc1 Kd6 40. h4
Kc5 41. g5 f5 42. h5 gxh5 43. Kh4 Be2 44. g6 hxg6 45. Kg5 Bg4 46. Rc2 Rxc3 47.
Rxc3+ Kb5 48. Rc6 f4 49. Rc1 e3 50. fxe3 fxe3 51. Kf6 e4 52. Ke5 Bf3 {
remainder illegible} 0-1

[Event "Spring TNM"]
[Site "San Francisco"]
[Date "2006.05.09"]
[Round "7"]
[White "Purcell, Brendan"]
[Black "Rich, Albert"]
[Result "0-1"]
[WhiteElo "1891"]
[BlackElo "2262"]
[PlyCount "92"]
[EventDate "2006.03.28"]
[EventType "swiss"]
[EventRounds "8"]
[EventCountry "USA"]

1. e4 Nc6 2. d4 d5 3. e5 Bf5 4. c3 Qd7 5. f4 Be4 6. Nd2 f5 7. Ngf3 e6 8. Be2
Nge7 9. O-O Ng6 10. g3 Be7 11. b4 O-O 12. b5 Na5 13. a4 c5 14. Nb3 Nxb3 15.
Qxb3 Rfc8 16. Ba3 a6 17. Nd2 c4 18. Qb2 Bxa3 19. Rxa3 axb5 20. Nxe4 fxe4 21.
Rb1 Rxa4 22. Rxa4 bxa4 23. Qxb7 Qxb7 24. Rxb7 Ra8 25. Rb2 a3 26. Ra2 Ne7 27.
Kf2 Kf7 28. g4 Nc6 29. Ke3 h6 30. h4 Ke7 31. f5 Ra5 32. fxe6 Na7 33. g5 Nb5 34.
gxh6 gxh6 35. Kd2 Ra8 36. h5 Rg8 37. Rc2 Rg2 38. Ke3 Rg3+ 39. Kd2 Rh3 40. Bg4
Rh2+ 41. Be2 a2 42. Rc1 Rxe2+ 43. Kxe2 Nxc3+ 44. Kd2 Nb1+ 45. Kc2 a1=Q 46. Rxb1
Qxd4 0-1

[Event "Spring TNM"]
[Site "San Francisco"]
[Date "2006.05.09"]
[Round "7"]
[White "Sainz, Guadalupe"]
[Black "Barrera, Jorge"]
[Result "1-0"]
[WhiteElo "1774"]
[BlackElo "1409"]
[PlyCount "132"]
[EventDate "2006.03.28"]
[EventType "swiss"]
[EventRounds "8"]
[EventCountry "USA"]

1. d4 Nf6 2. c4 e6 3. Nc3 Be7 4. Bg5 d5 5. e3 O-O 6. Nf3 h6 7. Bh4 b6 8. Rc1
Nbd7 9. Bd3 dxc4 10. Bxc4 Bb7 11. O-O Rc8 12. Qe2 Ne4 13. Bxe7 Nxc3 14. Rxc3
Qxe7 15. Ba6 Bxa6 16. Qxa6 Qb4 17. Rb1 Nf6 18. a3 Qa5 19. Qb7 Rb8 20. Qc6 Rfd8
21. e4 Rbc8 22. Qb7 b5 23. Ne5 Qb6 24. Qxb6 cxb6 25. Nc6 Nxe4 26. Ne7+ Kf8 27.
Rxc8 Kxe7 28. Rc7+ Rd7 29. Rbc1 Kd6 30. R1c6+ Ke7 31. Kf1 Nd2+ 32. Ke2 Nc4 33.
a4 a6 34. b3 Na5 35. Rc3 Kd6 36. Rc8 Ra7 37. Ke3 Kd7 38. Rg8 g6 39. Kd2 bxa4
40. bxa4 Nc6 41. Rf3 Kd6 42. Ke3 Kd5 43. Rh3 b5 44. a5 b4 45. Kd2 Kxd4 46. Rd3+
Ke5 47. Rc8 Ne7 48. Rb8 Nd5 49. h4 h5 50. g3 Kf5 51. Rd4 Ke5 52. Kd3 Rc7 53.
Rc4 Rxc4 54. Kxc4 Ke4 55. Rb6 Kf3 56. Rxa6 Kxf2 57. Rc6 Ne7 58. Rc7 Nd5 59.
Rxf7+ Kxg3 60. a6 Kxh4 61. a7 g5 62. Kb5 b3 63. a8=Q Nc3+ 64. Kc4 b2 65. Rb7
b1=Q 66. Rxb1 Nxb1 1-0

[Event "Spring TNM"]
[Site "San Francisco"]
[Date "2006.05.09"]
[Round "7"]
[White "Salvo, Tab"]
[Black "Regan, Neil"]
[Result "0-1"]
[WhiteElo "1736"]
[BlackElo "1900"]
[PlyCount "82"]
[EventDate "2006.03.28"]
[EventType "swiss"]
[EventRounds "8"]
[EventCountry "USA"]

1. Nf3 f5 2. g3 Nf6 3. Bg2 e6 4. O-O Be7 5. c4 O-O 6. b3 d6 7. Bb2 a5 8. d3 Bd7
9. Nc3 c6 10. e4 e5 11. Re1 Na6 12. Na4 fxe4 13. dxe4 b5 14. cxb5 cxb5 15. Nc3
Bc6 16. Bh3 Nc7 17. Rc1 b4 18. Nd5 Bxd5 19. exd5 Kh8 20. Bf5 Ng8 21. Bb1 Ne8
22. Qc2 g6 23. Qe2 Ng7 24. h4 Qd7 25. Rc4 Nf6 26. Rd1 Rac8 27. Ng5 Rxc4 28.
bxc4 Qg4 29. Re1 Qxe2 30. Rxe2 Rc8 31. Bd3 Nd7 32. Ne4 Kg8 33. Kg2 Ne8 34. Nd2
Nc5 35. Bb1 Na4 36. Ba1 Nc3 37. Bxc3 bxc3 38. Nb3 Rxc4 39. Nxa5 Rb4 40. Nb3 Nc7
41. Be4 Nb5 {remainder illegible} 0-1

[Event "Spring TNM"]
[Site "San Francisco"]
[Date "2006.05.09"]
[Round "7"]
[White "Shankland, Sam"]
[Black "Tuvshintugs, Batchimeg"]
[Result "1/2-1/2"]
[WhiteElo "2106"]
[BlackElo "2271"]
[PlyCount "99"]
[EventDate "2006.03.28"]
[EventType "swiss"]
[EventRounds "8"]
[EventCountry "USA"]

1. e4 c5 2. Nf3 Nc6 3. d4 cxd4 4. Nxd4 Nf6 5. Nc3 e5 6. Ndb5 d6 7. Bg5 a6 8.
Na3 b5 9. Bxf6 gxf6 10. Nd5 f5 11. c3 Bg7 12. Bd3 Be6 13. Nc2 Bxd5 14. exd5 Ne7
15. a4 O-O 16. axb5 Nxd5 17. Bxf5 Ne7 18. Bd3 axb5 19. O-O Rxa1 20. Qxa1 Qb6
21. Nb4 Rb8 22. Qa2 Nc6 23. Nd5 Qb7 24. Ra1 b4 25. Qa6 bxc3 26. Qxc6 cxb2 27.
Rb1 Qxc6 28. Ne7+ Kf8 29. Nxc6 Rc8 30. Be4 f5 31. Bd5 Ra8 32. Be6 d5 33. Nxe5
Bxe5 34. Bxf5 Kg7 35. Kf1 Rf8 36. g4 Rb8 37. h4 Bf4 38. Ke2 Bc1 39. Kd3 Rb4 40.
f3 h6 41. Be6 Rb3+ 42. Kd4 Rxf3 43. Kxd5 Kf6 44. Bf5 Rxf5+ 45. gxf5 Kxf5 46.
Kd4 Kg4 47. Ke4 Kxh4 48. Kf3 Kg5 49. Rxb2 Bxb2 50. Kg2 1/2-1/2

[Event "Spring TNM"]
[Site "San Francisco"]
[Date "2006.05.09"]
[Round "7"]
[White "Todortsev, Victor"]
[Black "Russell, Joe"]
[Result "1/2-1/2"]
[WhiteElo "1961"]
[BlackElo "1529"]
[PlyCount "55"]
[EventDate "2006.03.28"]
[EventType "swiss"]
[EventRounds "8"]
[EventCountry "USA"]

1. e4 c5 2. Nf3 Nc6 3. d4 cxd4 4. Nxd4 Nf6 5. Nc3 e5 6. Nf5 d5 7. Ng3 d4 8. Nb5
a6 9. Na3 Bb4+ 10. Bd2 Qa5 11. Nc4 Bxd2+ 12. Qxd2 Qxd2+ 13. Kxd2 O-O 14. Nb6
Rb8 15. f3 Be6 16. b3 Rfd8 17. a4 Nd7 18. Nc4 g6 19. h4 Nc5 20. h5 d3 21. hxg6
fxg6 22. Bxd3 b5 23. axb5 axb5 24. Nb2 Nb4 25. Ra7 Ncxd3 26. Nxd3 Rbc8 27. Rc1
Bxb3 28. Nh1 1/2-1/2

[Event "Spring TNM"]
[Site "San Francisco"]
[Date "2006.05.09"]
[Round "7"]
[White "Traub, Igor"]
[Black "Whalley, Martin"]
[Result "1-0"]
[WhiteElo "2076"]
[BlackElo "1818"]
[PlyCount "62"]
[EventDate "2006.03.28"]
[EventType "swiss"]
[EventRounds "8"]
[EventCountry "USA"]

1. e4 c5 2. Nf3 d6 3. g3 Nc6 4. Bg2 Nf6 5. d3 h6 6. O-O Rb8 7. Qe1 e5 8. Nh4 b5
9. c3 b4 10. f4 Ba6 11. Rf2 Qb6 12. Kh1 bxc3 13. bxc3 Qa5 14. Bd2 Rb2 15. d4
Bc4 16. Nf5 Bxa2 17. Nxd6+ Bxd6 18. fxe5 Nxe5 19. dxe5 Bxe5 20. Rf5 c4 21. Na3
Qc7 22. Qc1 Rxd2 23. Qxd2 Bb3 24. Nb5 Qb8 25. Nxa7 Bc7 26. e5 Ng4 27. Bc6+ Kf8
28. Nb5 Nxe5 29. Ra8 Nxc6 30. Rxb8+ Bxb8 31. Qd7 Ne7 1-0

[Event "Spring TNM"]
[Site "San Francisco"]
[Date "2006.05.09"]
[Round "7"]
[White "Wong, Russell"]
[Black "Grey, Peter"]
[Result "1-0"]
[WhiteElo "2200"]
[BlackElo "2000"]
[PlyCount "81"]
[EventDate "2006.03.28"]
[EventType "swiss"]
[EventRounds "8"]
[EventCountry "USA"]

1. e4 e5 2. Nf3 Nc6 3. Bb5 Nf6 4. O-O Nxe4 5. Re1 Nd6 6. Nxe5 Be7 7. Ba4 Nxe5
8. Rxe5 O-O 9. d4 Bf6 10. Re1 Nf5 11. c3 d5 12. Nd2 Nh4 13. Nf1 c6 14. Ng3 Re8
15. Rxe8+ Qxe8 16. Bc2 Qe7 17. Qf1 Bd7 18. Bd2 Re8 19. Nh5 Bf5 20. Re1 Qd8 21.
Nxf6+ gxf6 22. Bd1 Qd7 23. g3 Ng6 24. f3 Rxe1 25. Qxe1 Qe6 26. Kf2 Qxe1+ 27.
Kxe1 Kf8 28. Bh6+ Ke7 29. Kd2 Bb1 30. a3 Ke6 31. b3 Ne7 32. Be2 b5 33. g4 Ng8
34. Bf8 Bg6 35. c4 bxc4 36. bxc4 f5 37. gxf5+ Bxf5 38. Bc5 a5 39. a4 Bb1 40.
Bb6 Ba2 41. Kc3 1-0

[Event "Spring TNM"]
[Site "San Francisco"]
[Date "2006.05.16"]
[Round "8"]
[White "Bacelar, Erickson"]
[Black "Naroditsky, Alan"]
[Result "1/2-1/2"]
[WhiteElo "1752"]
[BlackElo "1658"]
[PlyCount "45"]
[EventDate "2006.03.28"]
[EventType "swiss"]
[EventRounds "8"]
[EventCountry "USA"]

1. d4 Nf6 2. c4 e6 3. Nf3 b6 4. g3 Bb7 5. Bg2 Be7 6. Nc3 O-O 7. O-O d5 8. cxd5
exd5 9. Bf4 a6 10. Qb3 Nc6 11. Rac1 Na5 12. Qc2 Nh5 13. Bd2 Nc4 14. Be1 Re8 15.
Nb1 Bd6 16. Bc3 a5 17. b3 Na3 18. Nxa3 Bxa3 19. Bb2 Bd6 20. Ne5 Qe7 21. e3 Nf6
22. Nc6 Qd7 23. Rfd1 1/2-1/2

[Event "Spring TNM"]
[Site "San Francisco"]
[Date "2006.05.16"]
[Round "8"]
[White "Bayaraa, Bekhtur"]
[Black "Oca, Homer"]
[Result "0-1"]
[WhiteElo "1596"]
[BlackElo "1678"]
[PlyCount "60"]
[EventDate "2006.03.28"]
[EventType "swiss"]
[EventRounds "8"]
[EventCountry "USA"]

1. e4 h6 2. d4 a6 3. Nf3 Nf6 4. Bd3 d6 5. c4 Nc6 6. Nc3 e5 7. d5 Ne7 8. O-O g5
9. h3 g4 10. hxg4 Bxg4 11. Be2 Qd7 12. Nh4 h5 13. f3 Bh3 14. gxh3 Qxh3 15. Ng2
Bh6 16. Bxh6 Rxh6 17. Kf2 Rg6 18. Rg1 h4 19. Qf1 Qh2 20. Ke3 h3 21. Nh4 Qf4+
22. Kd3 Rxg1 23. Qxg1 Qxh4 24. Qh2 O-O-O 25. Rh1 Nh5 26. Bf1 Nf4+ 27. Ke3 Rh8
28. Ne2 Neg6 29. Ng1 Ng2+ 30. Kd2 Qe1+ 0-1

[Event "Spring TNM"]
[Site "San Francisco"]
[Date "2006.05.16"]
[Round "8"]
[White "Capdeville, Barry"]
[Black "Allen, Tom"]
[Result "1-0"]
[WhiteElo "1211"]
[BlackElo "1463"]
[PlyCount "63"]
[EventDate "2006.03.28"]
[EventType "swiss"]
[EventRounds "8"]
[EventCountry "USA"]

1. e4 e5 2. Nf3 Nc6 3. d4 exd4 4. Nxd4 Bc5 5. Be3 Qf6 6. c3 Nge7 7. Bc4 Ne5 8.
Be2 O-O 9. O-O d5 10. f4 Nc4 11. e5 Qb6 12. Bxc4 dxc4 13. Nd2 Be6 14. Kh1 Bd5
15. Qe2 Bxd4 16. Bxd4 Qe6 17. Ne4 Qg6 18. Rae1 Nf5 19. Bf2 Rae8 20. Bc5 Ne7 21.
f5 Qc6 22. f6 Bxe4 23. Qxe4 Qxc5 24. fxe7 Rxe7 25. Qxb7 Qb6 26. Qxb6 cxb6 27.
h3 Rfe8 28. Re4 b5 29. Rff4 f6 30. exf6 Rxe4 31. f7+ Kf8 32. fxe8=Q+ 1-0